|
|
|
|
| LEADER |
00000naa a2200000uu 4500 |
| 001 |
vtls010929514 |
| 003 |
SK-MaSNL |
| 005 |
20260302130938.0 |
| 008 |
220810|2000 xo |||||||||||||||||cze| |
| 015 |
|
|
|a SNBRA
|
| 035 |
|
|
|a (urnnbn)urn:nbn:sk:snk:ar-a0b2m8
|
| 035 |
|
|
|a (uuid)c475565c-c4c6-4b1f-b780-131f3aec42b7
|
| 035 |
|
|
|a urn:nbn:sk:snk-aatv5a
|
| 040 |
|
|
|a SNKBUCL
|b slo
|c SNKBUCL
|e AACR2
|
| 041 |
0 |
|
|a cze
|
| 044 |
|
|
|a xo
|c SK
|
| 100 |
1 |
|
|a Křivánek, I.
|4 aut
|9 806029
|
| 245 |
1 |
0 |
|a ZMĚNY ELEKTRICKÉ IMPEDANCE POCHVY U SPONTÁNNĚ OVULUJÍCÍCH A HORMONÁLNĚ STIMULOVANÝCH PRASNIC
|c I. Křivánek, M. Pöschl, P. Řezáč
|
| 246 |
3 |
|
|a CHANGES OF A VAGINAL ELECTRIC IMPEDANCE OF SOWS IN SPONTANEOUS RESP. HORMONAL STIMULATED OVULATION
|
| 700 |
1 |
|
|a Pöschl, M.
|4 aut
|9 783028
|
| 700 |
1 |
|
|a Řezáč, P.
|4 aut
|9 783029
|
| 773 |
0 |
|
|t 17. medzinárodná konferencia O reprodukcii hospodárskych zvierat, Liptovský Ján, 1.-2. júna 2000
|d Nitra] : Slovenská poľnohospodárska a potravinárska komora, 2000
|g S. 196-197
|
| 954 |
|
|
|a odborná, vedecká literatúra cudzojazyčná (svetová)
|2 lita
|
| 958 |
|
|
|a OND
|
| 958 |
|
|
|a article11
|
| 958 |
|
|
|a chapter
|
| 999 |
|
|
|c 1303113
|d 1305043
|